000 00593cam a22001933a 4500
001 39029
003 PGUSA
005 20140828083849.0
008 120302s2012||||xxu|||||s|||||000 | eng d
040 _aPGUSA
_beng
042 _adc
245 1 0 _aEncyclopaedia Britannica, 11th Edition, Volume 13, Slice 7 :
_b"Horticulture" to "Hudson Bay"
_h[electronic resource] /
_cVarious
260 _bProject Gutenberg,
_c2012
506 _aPublic domain in the USA.
516 _aElectronic text
830 0 _aProject Gutenberg
_v39029
856 4 0 _uhttp://www.gutenberg.org/ebooks/39029
942 _cEB
999 _c268282
_d268282